<?xml version="1.0" encoding="UTF-8"?>
<record
    xmlns:xsi="http://www.w3.org/2001/XMLSchema-instance"
    xsi:schemaLocation="http://www.loc.gov/MARC21/slim http://www.loc.gov/standards/marcxml/schema/MARC21slim.xsd"
    xmlns="http://www.loc.gov/MARC21/slim">

  <leader>01653nam a22001697a 4500</leader>
  <controlfield tag="003">IT-RoPau</controlfield>
  <controlfield tag="005">20220918181221.0</controlfield>
  <controlfield tag="008">140530b        xxu||||| |||| 00| 0 eng d</controlfield>
  <datafield tag="040" ind1=" " ind2=" ">
    <subfield code="c">IT-RoPau</subfield>
  </datafield>
  <datafield tag="100" ind1=" " ind2=" ">
    <subfield code="a">Pie Discepole del Divin Maestro</subfield>
    <subfield code="9">28067</subfield>
  </datafield>
  <datafield tag="245" ind1=" " ind2=" ">
    <subfield code="a">La vita in Cristo e nella Chiesa 1966</subfield>
    <subfield code="b">Rivista mensile Anno XV 1966</subfield>
  </datafield>
  <datafield tag="260" ind1=" " ind2=" ">
    <subfield code="a">Roma</subfield>
    <subfield code="b">PDDM</subfield>
    <subfield code="c">1966</subfield>
  </datafield>
  <datafield tag="300" ind1=" " ind2=" ">
    <subfield code="c">26,5 cm</subfield>
  </datafield>
  <datafield tag="490" ind1=" " ind2=" ">
    <subfield code="a">La vita in Cristo e nella Chiesa</subfield>
    <subfield code="v">1966</subfield>
  </datafield>
  <datafield tag="520" ind1=" " ind2=" ">
    <subfield code="a">Elenco autori

Gennaio 1966
Vita - B. M. - M. L. Ricci - S. E. Mons. Nicodemo - Tonello p.d. - D. B. - M. F. Marchegiani - Mons. Barra

Febbraio 1966
Vita - S.S. Paolo VI - M. L. Ricci - Mons. Nicodemo - Mns. Bondioli - B. D. - M. F. Marchegiani

Marzo 1966
Vita - S.S. Paolo VI - Mons. Nicodemo - Mons. Bondioli - Tonello p.d. - Barra - M. F. Marchegiani

Aprile 1966
M. L. Ricci - Mons. Nicodemo - Mons. Bondioli - Tonello p.d. - Barra - M. F. Marchegiani

Maggio 1966
M. L. Ricci - S.S. Paolo VI - Mons. Niceodemo - Mons. Bondioli - Tonello p.d. - Mons. Barra - M. F. Marchegiani

Giugno 1966
M. L. Ricci - S.S. Paolo VI - Masi - Mons. Bondioli - Tonello p.d. - Barra

Luglio - Agosto 1966
M. L. Ricci - Lauri - Masi - Mons. Bondioli - Tonello p.d.

Settembre 1966
M. L. Ricci - S.S.Paolo VI - Masi - Mons. Bondioli - M. F. Marchegiani - Mons. Barra

Ottobre 1966
M. L. Ricci - S.S. Paolo VI - Fabing - Mons. Bondioli - Tonello - M. F. Marchegiani

Novembre 1966
Paolo VI - M. L. Ricci - M. G. - Tonello - Gonzalez - Mons. Bondioli - Timotea - M. F.  Marchegiani

Dicembre 1966
S.S. Paolo VI - M. L. Ricci - Gonzalez - Mons. Bondioli - Barra - Tonello - M. F. Marchegiani 
</subfield>
  </datafield>
  <datafield tag="942" ind1=" " ind2=" ">
    <subfield code="2">ddc</subfield>
    <subfield code="c">CR</subfield>
  </datafield>
  <datafield tag="999" ind1=" " ind2=" ">
    <subfield code="c">104407</subfield>
    <subfield code="d">104407</subfield>
  </datafield>
  <datafield tag="952" ind1=" " ind2=" ">
    <subfield code="0">0</subfield>
    <subfield code="1">0</subfield>
    <subfield code="2">ddc</subfield>
    <subfield code="4">0</subfield>
    <subfield code="6">P_D6</subfield>
    <subfield code="7">1</subfield>
    <subfield code="a">PAULUS</subfield>
    <subfield code="b">PAULUS</subfield>
    <subfield code="d">2014-05-30</subfield>
    <subfield code="l">0</subfield>
    <subfield code="o">P D6</subfield>
    <subfield code="r">2014-05-30 00:00:00</subfield>
    <subfield code="w">2014-05-30</subfield>
    <subfield code="y">CR</subfield>
  </datafield>
  <datafield tag="952" ind1=" " ind2=" ">
    <subfield code="0">0</subfield>
    <subfield code="1">0</subfield>
    <subfield code="2">ddc</subfield>
    <subfield code="4">0</subfield>
    <subfield code="6">P_D7</subfield>
    <subfield code="7">1</subfield>
    <subfield code="a">PAULUS</subfield>
    <subfield code="b">PAULUS</subfield>
    <subfield code="d">2014-07-07</subfield>
    <subfield code="l">0</subfield>
    <subfield code="o">P D7</subfield>
    <subfield code="r">2014-07-07 00:00:00</subfield>
    <subfield code="w">2014-07-07</subfield>
    <subfield code="y">CR</subfield>
  </datafield>
</record>
